[Event "Online Olym Top DivA 2021"]
[Site "chess.com INT"]
[Date "2021.09.09"]
[Round "5.3"]
[Board "2"]
[White "Petriashvili, Nikoloz"]
[Black "Nasanjargal, Urtnasan"]
[Result "1-0"]
[WhiteTitle "IM"]
[BlackTitle "GM"]
[WhiteElo "2432"]
[BlackElo "2460"]
[WhiteTeam "Georgia"]
[BlackTeam "Mongolia"]
[WhiteFideId "13611216"]
[BlackFideId "4900774"]
[EventDate "2021.09.08"]
[EventType "team"]

1. e4 g6 2. d4 Bg7 3. Nc3 d5 4. Nxd5 c6 5. Ne3 Qxd4 6. Qxd4 Bxd4 7. Nc4 Nd7 8.
c3 Bg7 9. Be3 Ne5 10. Bd4 f6 11. Bxe5 fxe5 12. Nf3 Nf6 13. Bd3 Nd7 14. b4 b6 15.
Ke2 Bb7 16. a4 Bf6 17. a5 b5 18. Ne3 a6 19. c4 Rc8 20. c5 h5 21. Bc2 Rd8 22.
Rad1 Nf8 23. Bb3 Rxd1 24. Nxd1 Bc8 25. Nb2 g5 26. h4 g4 27. Ng5 Bxg5 28. hxg5
Be6 29. Bxe6 Nxe6 30. Nd3 Nf4+ 31. Nxf4 exf4 32. g6 Rh6 33. g3 e5 34. g7 Kf7 35.
Rd1 h4 36. gxh4 Rxh4 37. Rd6 Rh2 38. Rg6 Kg8 39. Rxg4 Rh3 40. Rg6 Rb3 41. Rxc6
f3+ 42. Kd2 Rb2+ 43. Kd3 Rb3+ 44. Kc2 Rxb4 45. Rxa6 Rxe4 46. Ra8+ Kxg7 47. a6
Re2+ 48. Kb3 e4 49. a7 e3 50. Rg8+ Kxg8 51. a8=Q+ 1-0

[Event "Online Olym Top DivA 2021"]
[Site "chess.com INT"]
[Date "2021.09.09"]
[Round "5.3"]
[Board "3"]
[White "Munguntuul, Batkhuyag"]
[Black "Lomineishvili, Maia"]
[Result "1/2-1/2"]
[WhiteTitle "IM"]
[BlackTitle "IM"]
[WhiteElo "2433"]
[BlackElo "2342"]
[WhiteTeam "Mongolia"]
[BlackTeam "Georgia"]
[WhiteFideId "4900758"]
[BlackFideId "13600656"]
[EventDate "2021.09.08"]
[EventType "team"]

1. e4 c5 2. Nf3 Nc6 3. d4 cxd4 4. Nxd4 e5 5. Nb5 d6 6. N1c3 a6 7. Na3 b5 8. Nd5
Nge7 9. c4 Nxd5 10. exd5 Nd4 11. cxb5 g6 12. Bd3 Bg7 13. O-O O-O 14. bxa6 Bxa6
15. Nc2 Qa5 16. Bd2 Qc5 17. Bb4 Bxd3 18. Bxc5 Bxc2 19. Qd2 dxc5 20. Rac1 Be4 21.
Rxc5 Rxa2 22. Qb4 Rd8 23. Qb7 Raa8 24. Qc7 Bxd5 25. Ra5 Ne2+ 26. Kh1 Nf4 27. f3
Rac8 28. Qe7 Re8 29. Qd7 Red8 30. Qe7 Re8 31. Qd7 Red8 32. Qe7 1/2-1/2

[Event "Online Olym Top DivA 2021"]
[Site "chess.com INT"]
[Date "2021.09.09"]
[Round "5.3"]
[Board "4"]
[White "Kostava, Elene"]
[Black "Bayarmaa, Bayarjargal"]
[Result "0-1"]
[BlackTitle "WIM"]
[WhiteElo "1769"]
[BlackElo "2124"]
[WhiteTeam "Georgia"]
[BlackTeam "Mongolia"]
[WhiteFideId "13603280"]
[BlackFideId "4900260"]
[EventDate "2021.09.08"]
[EventType "team"]

1. Nf3 Nf6 2. e3 g6 3. c4 Bg7 4. Be2 d6 5. O-O Nbd7 6. Nc3 a6 7. Qc2 O-O 8. d4
c6 9. b3 b5 10. Bb2 Rb8 11. Rfd1 Qb6 12. Rac1 Bb7 13. Nd2 Rfc8 14. Bf3 c5 15. d5
Ne5 16. Be2 b4 17. Nce4 Re8 18. Nxf6+ exf6 19. f4 Nd7 20. e4 Bh6 21. Rf1 Qc7 22.
Bg4 Nb6 23. Rce1 Bg7 24. Qb1 a5 25. Qa1 Qd8 26. e5 fxe5 27. fxe5 Qg5 28. e6 f6
29. Bxf6 Bxf6 30. Qxf6 Qxd2 31. Qf7+ Kh8 32. e7 Qd4+ 33. Kh1 Qg7 34. Qf4 Rxe7
35. Be6 Rd8 36. Rf2 Bc8 37. Qg5 Bxe6 38. dxe6 Rde8 39. Rfe2 Na8 40. Qf4 Qd4 41.
Qh6 Nc7 42. Re4 Qg7 43. Qf4 Rxe6 44. Rxe6 Rxe6 45. Rf1 Re8 46. Qxd6 Ne6 47. Qc6
Rf8 48. Re1 Nd4 49. Qxc5 Nc2 50. Rg1 Rf5 51. Qc8+ Qf8 52. Qe6 Nd4 53. Qe3 Nc6
54. Qe6 Ne5 55. c5 Qxc5 56. Rd1 Qf8 57. Rg1 Ng4 58. h3 Nf2+ 59. Kh2 Rf6 60. Qe5
Qd6 61. Qxd6 Rxd6 62. Kg3 Ne4+ 63. Kf4 Nc3 64. Ke5 Rd5+ 65. Ke6 Rd2 66. Rf1 Kg7
67. Rf7+ Kh6 68. Ra7 Rxa2 69. Kf7 a4 70. bxa4 Rxa4 71. Rb7 Ne4 72. Rb6 Nc5 73.
g4 Ra7+ 74. Kg8 Kg5 75. Rb5 Rc7 76. Kf8 Kh4 77. Rxb4 Kxh3 78. g5 Ne6+ 79. Kg8
Nxg5 80. Rf4 Ne6 0-1

[Event "Online Olym Top DivA 2021"]
[Site "chess.com INT"]
[Date "2021.09.09"]
[Round "5.3"]
[Board "5"]
[White "Gan-Erdene, Sugar"]
[Black "Kacharava, Nikolozi"]
[Result "0-1"]
[WhiteTitle "IM"]
[BlackTitle "IM"]
[WhiteElo "2419"]
[BlackElo "2453"]
[WhiteTeam "Mongolia"]
[BlackTeam "Georgia"]
[WhiteFideId "4902980"]
[BlackFideId "13611860"]
[EventDate "2021.09.08"]
[EventType "team"]

1. d4 d5 2. c4 c6 3. Nf3 Nf6 4. Qc2 dxc4 5. Qxc4 Bf5 6. g3 e6 7. Bg2 Nbd7 8. O-O
Be7 9. e3 O-O 10. Qe2 h6 11. Nc3 Ne4 12. Rd1 Qa5 13. Bd2 Qb6 14. Be1 Nxc3 15.
bxc3 Bh7 16. e4 Rad8 17. Rab1 Qc7 18. Bd2 Bd6 19. c4 e5 20. d5 f5 21. Nh4 fxe4
22. Bxe4 Bxe4 23. Qxe4 Bc5 24. Rf1 Nf6 25. Qg6 Qf7 26. Bc3 cxd5 27. Bxe5 dxc4
28. Bxf6 Qxg6 29. Nxg6 Rxf6 30. Ne5 c3 31. Rbc1 Bd4 32. Nd3 Rf3 33. Ne1 Rf7 34.
Kg2 b5 35. Rb1 a6 36. Nd3 Bb6 37. Nb4 Rd2 38. Nxa6 Rfxf2+ 39. Rxf2 Rxf2+ 40. Kh3
c2 0-1

[Event "Online Olym Top DivA 2021"]
[Site "chess.com INT"]
[Date "2021.09.09"]
[Round "5.3"]
[Board "6"]
[White "Koridze, Lile"]
[Black "Munkhzul, Davaakhuu"]
[Result "1/2-1/2"]
[WhiteTitle "WFM"]
[BlackTitle "WFM"]
[WhiteElo "2016"]
[BlackElo "1991"]
[WhiteTeam "Georgia"]
[BlackTeam "Mongolia"]
[WhiteFideId "13612514"]
[BlackFideId "4902815"]
[EventDate "2021.09.08"]
[EventType "team"]

1. d4 Nf6 2. c4 e6 3. Nf3 d5 4. g3 Bb4+ 5. Bd2 Be7 6. Bg2 O-O 7. O-O c6 8. Qc2
Nbd7 9. Rd1 b6 10. b3 Ba6 11. Bf4 Rc8 12. Nc3 c5 13. dxc5 Bxc5 14. e3 dxc4 15.
Ne5 Qe8 16. bxc4 Nxe5 17. Bxe5 Nd7 18. Qa4 Nxe5 19. Qxa6 Qe7 20. Nb5 Qf6 21. Nd4
Ng4 22. Rf1 Qh6 23. Nf3 e5 24. h3 Nxf2 25. Rxf2 Qxe3 26. Rf1 e4 27. Ne5 Qxg3 28.
Nd7 e3 29. Re2 Bd6 30. Rf3 Qh2+ 31. Kf1 Rfd8 32. Rfxe3 Qf4+ 33. Rf3 Qc1+ 34. Re1
Qd2 35. Rfe3 Bf4 36. Qxc8 Qxe1+ 37. Rxe1 Rxc8 38. Bd5 Bd6 39. Ne5 Bxe5 40. Rxe5
Kf8 41. Rf5 f6 42. Rf3 Ke7 43. Ra3 Rc7 44. Re3+ Kd6 45. Re8 Kc5 46. Bg8 h6 47.
Ke2 Kb4 48. Re3 Rc8 49. Bd5 Rc7 50. Rb3+ Kc5 51. Kd3 a6 52. Rc3 f5 53. Ra3 Ra7
54. Rc3 g5 55. Rc1 g4 56. hxg4 fxg4 57. Rh1 Rh7 58. Be6 Rg7 59. Bd5 Rg6 60. a3
b5 61. Rh5 Rd6 62. Kc3 bxc4 63. Bf3+ Kb6 64. Bxg4 Rd3+ 65. Kxc4 Rxa3 66. Rxh6+
Kc7 1/2-1/2

[Event "Online Olym Top DivA 2021"]
[Site "chess.com INT"]
[Date "2021.09.09"]
[Round "5.4"]
[Board "1"]
[White "Megaranto, Susanto"]
[Black "Maghsoodloo, Parham"]
[Result "0-1"]
[WhiteTitle "GM"]
[BlackTitle "GM"]
[WhiteElo "2548"]
[BlackElo "2695"]
[WhiteTeam "Indonesia"]
[BlackTeam "Iran"]
[WhiteFideId "7101384"]
[BlackFideId "12539929"]
[EventDate "2021.09.08"]
[EventType "team"]

1. d4 d5 2. Nf3 e6 3. c4 c6 4. Qc2 Nf6 5. Bg5 Nbd7 6. e3 Qa5+ 7. Nc3 Ne4 8. cxd5
exd5 9. Bd3 Ndf6 10. O-O Nxg5 11. Nxg5 Bd6 12. a3 Qc7 13. h3 h6 14. Nf3 O-O 15.
b4 a6 16. Rab1 Qe7 17. Rfe1 Re8 18. e4 dxe4 19. Nxe4 Nxe4 20. Bxe4 Be6 21. d5
cxd5 22. Bxd5 Rac8 23. Qb3 Bxd5 24. Qxd5 Qc7 25. Rxe8+ Rxe8 26. Rd1 Be7 27. Qd7
Rc8 28. g3 Bf6 29. Kg2 Kf8 30. Rd3 Qc6 31. Rd6 Qxd7 32. Rxd7 b5 33. Rd6 Ra8 34.
Nd4 Ke7 35. Nf5+ Ke8 36. Rd2 Rd8 37. Ra2 Bc3 38. Rc2 Rd3 39. Nd6+ Ke7 40. Ne4
Bd4 41. Ra2 Ke6 42. Kf1 Rb3 43. Ke2 Kd5 44. Nd2 Rb2 45. Rxb2 Bxb2 46. Kd3 Bxa3
47. Kc3 Bc1 48. Nb3 Bg5 49. Nc5 a5 0-1

[Event "Online Olym Top DivA 2021"]
[Site "chess.com INT"]
[Date "2021.09.09"]
[Round "5.4"]
[Board "2"]
[White "Idani, Pouya"]
[Black "Ervan, Mohamad"]
[Result "1-0"]
[WhiteTitle "GM"]
[BlackTitle "IM"]
[WhiteElo "2627"]
[BlackElo "2356"]
[WhiteTeam "Iran"]
[BlackTeam "Indonesia"]
[WhiteFideId "12510130"]
[BlackFideId "7102135"]
[EventDate "2021.09.08"]
[EventType "team"]

1. e4 e6 2. d4 d5 3. e5 c5 4. c3 Nc6 5. Nf3 Qb6 6. a3 Bd7 7. Bd3 cxd4 8. O-O
Nge7 9. b4 a6 10. Re1 Rc8 11. Nxd4 Nxd4 12. Be3 Bb5 13. Bxd4 Qc7 14. Bxb5+ axb5
15. Nd2 Nf5 16. Qe2 Qd7 17. Nb3 Rc4 18. Na5 Rc8 19. Nb3 Rc4 20. Red1 Be7 21. Rd3
h5 22. Nd2 Rc8 23. Nf1 g6 24. Rh3 Nxd4 25. cxd4 Rc4 26. Rd1 Qc6 27. Rhd3 Rc2 28.
R3d2 Rc3 29. Rd3 Rc2 30. Qe1 Bg5 31. g3 Qd7 32. f4 Bd8 33. Rc3 Rxc3 34. Qxc3 Bb6
35. Rc1 Ke7 36. Kg2 Ra8 37. Nd2 Qc6 38. Qxc6 bxc6 39. Rxc6 Bxd4 40. Rc7+ Ke8 41.
Nf3 Be3 42. Ng5 Ra7 43. Rc3 Bd4 44. Rc8+ Ke7 45. Rh8 Rxa3 46. Rh7 Ra2+ 47. Kf1
Be3 48. Rxf7+ Ke8 49. Rf6 Rxh2 50. Rxg6 d4 51. Rxe6+ Kf8 52. Rd6 Ke7 53. Ne4 Rb2
54. f5 Rxb4 55. f6+ Kf7 56. e6+ Kg6 57. e7 Rb1+ 58. Ke2 Rb2+ 59. Kf3 Kf7 60. Rd8 1-0

[Event "Online Olym Top DivA 2021"]
[Site "chess.com INT"]
[Date "2021.09.09"]
[Round "5.4"]
[Board "3"]
[White "Sukandar, Irine Kharisma"]
[Black "Khademalsharieh, Sarasadat"]
[Result "0-1"]
[WhiteTitle "IM"]
[BlackTitle "IM"]
[WhiteElo "2406"]
[BlackElo "2490"]
[WhiteTeam "Indonesia"]
[BlackTeam "Iran"]
[WhiteFideId "7101937"]
[BlackFideId "12512214"]
[EventDate "2021.09.08"]
[EventType "team"]

1. e4 e5 2. Nf3 Nc6 3. Bb5 a6 4. Ba4 Bc5 5. c3 Nge7 6. O-O b5 7. Bb3 Ng6 8. d4
exd4 9. cxd4 Be7 10. Nc3 O-O 11. Nd5 d6 12. h3 Na5 13. Bc2 c5 14. b3 Nc6 15. Bb2
Be6 16. Nxe7+ Ncxe7 17. Qd2 f6 18. Rfd1 Qc8 19. Rac1 Qb7 20. dxc5 dxc5 21. Qd6
Qc8 22. Bd3 c4 23. Nd4 Bf7 24. Nf5 Qd8 25. Nh6+ gxh6 26. Qxf6 Nf5 27. exf5 Qxf6
28. Bxf6 cxd3 29. fxg6 Bxg6 30. Bd4 Rad8 31. Be3 h5 32. Rc6 a5 33. Rc5 Rf5 34.
Rc7 Rfd5 35. Bd2 a4 36. Re1 R8d7 37. Rc8+ Kf7 38. Ree8 axb3 39. axb3 Re7 40.
Rf8+ Ke6 41. f3 Ra7 42. Rc6+ Kd7 43. Rcc8 Ke6 44. Rc6+ Ke7 45. Bb4+ Kd7 46. Rcc8
Re5 47. Rfd8+ Ke6 48. Rc1 Re2 49. Rd1 Raa2 50. Re1 Rxe1+ 51. Bxe1 Re2 52. Kf1
Rb2 53. b4 Ke7 54. Rd4 Bf7 55. Bh4+ Kf8 56. Bf6 Rb1+ 57. Kf2 Bc4 58. Be5 Kf7 59.
g4 hxg4 60. hxg4 Rxb4 61. f4 Rb2+ 62. Kf3 Rh2 63. f5 Re2 64. Bf4 Re7 65. g5 Rb7
66. Be5 Ke8 67. Ke3 Re7 68. Kf4 Ra7 69. Bf6 Kf7 70. Be5 Rb7 71. Ke3 Ke8 72. Kf4
Rd7 73. Bd6 Kf7 74. Ke5 Rd8 75. Kf4 b4 76. Ke3 b3 77. Be5 b2 78. g6+ hxg6 79.
fxg6+ Ke6 80. Rxd8 b1=Q 81. g7 Qe1+ 82. Kf3 Qf1+ 83. Kg3 Kxe5 0-1

[Event "Online Olym Top DivA 2021"]
[Site "chess.com INT"]
[Date "2021.09.09"]
[Round "5.4"]
[Board "4"]
[White "Alinasab, Mobina"]
[Black "Aulia, Medina Warda"]
[Result "1-0"]
[WhiteTitle "WIM"]
[BlackTitle "IM"]
[WhiteElo "2309"]
[BlackElo "2367"]
[WhiteTeam "Iran"]
[BlackTeam "Indonesia"]
[WhiteFideId "12528897"]
[BlackFideId "7101570"]
[EventDate "2021.09.08"]
[EventType "team"]

1. e4 e6 2. d4 d5 3. Nc3 Bb4 4. Ne2 Ne7 5. a3 Ba5 6. g3 dxe4 7. b4 Bb6 8. Nxe4
a5 9. Bb2 axb4 10. axb4 Rxa1 11. Qxa1 f6 12. Bg2 Nbc6 13. b5 Nb8 14. Qa8 Bd7 15.
c4 f5 16. Nc5 Bxc5 17. dxc5 O-O 18. Bxb7 Ng6 19. O-O f4 20. Be4 fxg3 21. fxg3
Rxf1+ 22. Kxf1 Qf8+ 23. Kg2 Qd8 24. Bd4 Be8 25. b6 cxb6 26. cxb6 e5 27. Be3 Ne7
28. Nc3 Bc6 29. Bxc6 Nexc6 30. Nd5 h6 31. b7 Kh7 32. Ba7 e4 33. Bxb8 Nxb8 34.
Qa7 Qf8 35. Qe3 Qf5 36. Nc3 Kg6 37. Qxe4 Qxe4+ 38. Nxe4 Kf5 39. Kf3 Ke5 40. h4
Nc6 41. Ke3 Nb8 42. h5 Nc6 43. g4 Nb8 44. Ng3 1-0

[Event "Online Olym Top DivA 2021"]
[Site "chess.com INT"]
[Date "2021.09.09"]
[Round "5.4"]
[Board "5"]
[White "Tarigan, Gilbert Elroy"]
[Black "Tabatabaei, M. Amin"]
[Result "0-1"]
[WhiteTitle "IM"]
[BlackTitle "GM"]
[WhiteElo "2149"]
[BlackElo "2624"]
[WhiteTeam "Indonesia"]
[BlackTeam "Iran"]
[WhiteFideId "7108133"]
[BlackFideId "12521213"]
[EventDate "2021.09.08"]
[EventType "team"]

1. d4 Nf6 2. Nf3 e6 3. c4 d5 4. g3 Bb4+ 5. Bd2 Be7 6. Bg2 O-O 7. O-O Nbd7 8. Qc2
c6 9. Nc3 dxc4 10. Ne4 Nxe4 11. Qxe4 b5 12. a4 Bb7 13. Qc2 a6 14. b3 cxb3 15.
Qxb3 Qb6 16. Rfb1 c5 17. axb5 axb5 18. Rxa8 Rxa8 19. Qxb5 Qxb5 20. Rxb5 Ra1+ 21.
Ne1 Ba6 22. Ra5 Rxa5 23. Bxa5 cxd4 24. Nd3 g5 25. Bc6 Nb8 26. Ba4 Bc4 27. Bc7
Na6 28. Be5 Nb4 29. Nxb4 Bxb4 30. Bxd4 Bxe2 31. Bf6 g4 32. Bc6 Bf3 33. Bb5 h6
34. Bd3 Kf8 35. Bb5 Be4 36. Bf1 Bf5 37. Bd4 h5 38. h3 Be4 39. hxg4 hxg4 40. Be2
f5 41. Bc4 Ke7 42. Be5 Bd5 43. Bb5 Bc5 44. Kf1 Bf3 45. Kg1 Kd8 46. Kf1 Kc8 47.
Ba6+ Bb7 48. Bb5 Bd5 49. Ba6+ Kd7 50. Bb5+ Ke7 51. Kg1 Bd6 52. Bxd6+ Kxd6 53.
Kf1 Kc5 54. Bd7 Kd4 55. Ke2 Ke4 56. Bc8 Bc4+ 57. Ke1 Kf3 58. Bb7+ Bd5 59. Ba6 e5
60. Bd3 e4 61. Be2+ Kg2 62. Bf1+ Kg1 63. Bb5 e3 64. fxe3 Kg2 65. Bd7 Be4 66. Ke2
Kxg3 67. Kf1 Kh2 0-1

[Event "Online Olym Top DivA 2021"]
[Site "chess.com INT"]
[Date "2021.09.09"]
[Round "5.4"]
[Board "6"]
[White "Asadi, Motahare"]
[Black "Nur Abidah, Shanti"]
[Result "0-1"]
[WhiteTitle "WFM"]
[BlackTitle "WIM"]
[WhiteElo "2093"]
[BlackElo "1986"]
[WhiteTeam "Iran"]
[BlackTeam "Indonesia"]
[WhiteFideId "12561932"]
[BlackFideId "7104898"]
[EventDate "2021.09.08"]
[EventType "team"]

1. Nf3 d5 2. g3 c5 3. Bg2 Nc6 4. d4 e6 5. O-O Nf6 6. c4 dxc4 7. Qa4 Bd7 8. Qxc4
Qb6 9. Rd1 cxd4 10. Nxd4 Nxd4 11. Qxd4 Bc5 12. Qf4 O-O 13. Nc3 e5 14. Qf3 Bg4
15. Qxb7 Bxf2+ 16. Kh1 Rad8 17. Bg5 Qxb7 18. Bxb7 Rb8 19. Bg2 Bd4 20. e3 Bxc3
21. bxc3 Bxd1 22. Rxd1 Rb2 23. c4 Ng4 24. Rf1 f6 25. Bd5+ Kh8 26. e4 Nf2+ 27.
Rxf2 Rxf2 28. Be3 Rxa2 29. c5 Re2 30. Bg1 Rb8 31. c6 Rb1 32. Bc4 Ree1 33. Kg2
Rxg1+ 34. Kf3 Rgc1 35. Bd5 a5 36. Ke3 g5 37. Kd3 Rb8 38. Bc4 Rc8 39. Bb5 R1xc6 0-1

[Event "Online Olym Top DivA 2021"]
[Site "chess.com INT"]
[Date "2021.09.09"]
[Round "5.5"]
[Board "1"]
[White "Yu, Yangyi"]
[Black "Mastrovasilis, Dimitrios"]
[Result "1-0"]
[WhiteTitle "GM"]
[BlackTitle "GM"]
[WhiteElo "2704"]
[BlackElo "2615"]
[WhiteTeam "China"]
[BlackTeam "Greece"]
[WhiteFideId "8603820"]
[BlackFideId "4202694"]
[EventDate "2021.09.08"]
[EventType "team"]

1. d4 d5 2. c4 e6 3. Nc3 Bb4 4. a3 Bxc3+ 5. bxc3 Nf6 6. e3 c6 7. a4 O-O 8. Ba3
Re8 9. Nf3 b6 10. cxd5 exd5 11. Bd3 Ba6 12. O-O Ne4 13. Bxa6 Nxa6 14. Qd3 Nc7
15. c4 f6 16. Rfc1 Qd7 17. h3 Rac8 18. Rc2 Ne6 19. Rac1 h6 20. Qb3 Kh8 21. Nh4
dxc4 22. Qxc4 c5 23. dxc5 N6xc5 24. Qb5 Qxb5 25. axb5 Nd6 26. Bxc5 Rxc5 27. Rxc5
bxc5 28. Rxc5 Rb8 29. Rc6 Nxb5 30. Nf5 Rb7 31. Ra6 Kh7 32. g4 Kg6 33. Kg2 h5 34.
Nh4+ Kh6 35. f4 hxg4 36. hxg4 Nc7 37. Ra5 a6 38. Rh5# 1-0

[Event "Online Olym Top DivA 2021"]
[Site "chess.com INT"]
[Date "2021.09.09"]
[Round "5.5"]
[Board "2"]
[White "Pavlidis, Antonios"]
[Black "Bu, Xiangzhi"]
[Result "0-1"]
[WhiteTitle "GM"]
[BlackTitle "GM"]
[WhiteElo "2536"]
[BlackElo "2705"]
[WhiteTeam "Greece"]
[BlackTeam "China"]
[WhiteFideId "4212312"]
[BlackFideId "8601445"]
[EventDate "2021.09.08"]
[EventType "team"]

1. e4 e5 2. Nf3 Nf6 3. Nxe5 d6 4. Nf3 Nxe4 5. d4 d5 6. Bd3 Bd6 7. c4 c6 8. O-O
O-O 9. Nc3 Nxc3 10. bxc3 dxc4 11. Bxc4 Bf5 12. Bg5 Qa5 13. Nh4 Be6 14. Bxe6 Qxg5
15. Nf3 Qa5 16. Bb3 Nd7 17. Re1 Rae8 18. Qd3 Nf6 19. g3 g6 20. Nd2 Qh5 21. Ne4
Nxe4 22. Rxe4 Rxe4 23. Qxe4 Qf5 24. Qxf5 gxf5 25. Bc2 f4 26. Kg2 Re8 27. Kf3 Re6
28. Bf5 Rf6 29. Ke4 Rh6 30. h4 fxg3 31. fxg3 Kf8 32. Rg1 c5 33. d5 Bc7 34. c4
Ra6 35. Rg2 Ra4 36. Rc2 h6 37. g4 Ra3 38. Bc8 b6 39. d6 Bxd6 40. Kd5 Rd3+ 41.
Kc6 Be7 42. h5 Bh4 43. Bf5 Ra3 44. Kb7 Ke7 45. Kc6 Kf6 46. Kb7 Ke5 47. Re2+ Kf4
48. Kc6 Kf3 49. Rc2 Bg5 50. Kd5 Bf4 51. Kc6 Be5 52. Kd5 Bf6 53. Kc6 Ke3 54. Kd5
Bc3 55. Bh7 Bd2 56. Bf5 Ke2 57. g5 hxg5 58. h6 Re3 59. h7 Re8 60. Kc6 Kd1 61.
Rb2 Rh8 62. Kd7 Bc3 63. Rf2 Ke1 64. Rf3 Bd4 65. Ke7 Ke2 66. Bg4 f5 67. Rxf5+ Kd3
68. Rf3+ Kxc4 69. Bf5 Kd5 70. Rg3 Bf2 71. Rg2 Be3 72. Kf6 Kd6 73. Kg7 Bd4+ 74.
Kg6 Rf8 75. Kxg5 c4 76. Kf4 c3 77. Ke4 Bh8 78. Kf4 Kd5 79. Rh2 Be5+ 0-1

[Event "Online Olym Top DivA 2021"]
[Site "chess.com INT"]
[Date "2021.09.09"]
[Round "5.5"]
[Board "3"]
[White "Ju, Wenjun"]
[Black "Tsolakidou, Stavroula"]
[Result "1-0"]
[WhiteTitle "GM"]
[BlackTitle "IM"]
[WhiteElo "2560"]
[BlackElo "2377"]
[WhiteTeam "China"]
[BlackTeam "Greece"]
[WhiteFideId "8603006"]
[BlackFideId "4264312"]
[EventDate "2021.09.08"]
[EventType "team"]

1. d4 d5 2. c4 c6 3. Nf3 Nf6 4. Nc3 e6 5. e3 Nbd7 6. Qc2 Bd6 7. Be2 O-O 8. O-O
dxc4 9. a4 e5 10. Bxc4 exd4 11. exd4 Nb6 12. Bb3 Nbd5 13. Bg5 h6 14. Bh4 Be6 15.
Rfe1 Re8 16. Nxd5 cxd5 17. Qd3 Be7 18. Bc2 Ne4 19. Bxe7 Rxe7 20. Ne5 Bf5 21. Qf3
Bh7 22. Rac1 Qb6 23. Bxe4 dxe4 24. Qc3 Rd8 25. Red1 Bf5 26. d5 e3 27. fxe3 Be4
28. Qd4 Qxd4 29. exd4 Rxd5 30. Kf2 f6 31. Nf3 Red7 32. Ke3 Re7 33. Kf2 Kf7 34.
Rc5 Red7 35. Rxd5 Rxd5 36. Rd2 g5 37. Ke3 Bg6 38. h3 Ke7 39. b3 a5 40. Re2 Kd7
41. Nd2 b5 42. Rf2 Ke7 43. axb5 Rxb5 44. Rf1 Rb4 45. Ra1 Rb5 46. g3 Bf7 47. Ra3
Be6 48. h4 gxh4 49. gxh4 Rh5 50. Ne4 Rxh4 51. Rxa5 Rh3+ 52. Kf4 Bxb3 53. Ra7+
Kd8 54. Nxf6 Rc3 55. Ra3 Rc6 56. Kf5 Bc2+ 57. Ke5 Bg6 58. d5 Rb6 59. Ra8+ Kc7
60. Rg8 Bd3 61. d6+ Rxd6 62. Ne8+ 1-0

[Event "Online Olym Top DivA 2021"]
[Site "chess.com INT"]
[Date "2021.09.09"]
[Round "5.5"]
[Board "4"]
[White "Botsari, Anna-Maria"]
[Black "Lei, Tingjie"]
[Result "0-1"]
[WhiteTitle "WGM"]
[BlackTitle "GM"]
[WhiteElo "2222"]
[BlackElo "2505"]
[WhiteTeam "Greece"]
[BlackTeam "China"]
[WhiteFideId "4200446"]
[BlackFideId "8605114"]
[EventDate "2021.09.08"]
[EventType "team"]

1. d4 Nf6 2. c4 e6 3. g3 d5 4. Nf3 Bb4+ 5. Bd2 a5 6. Qc2 O-O 7. Bg2 c5 8. O-O
cxd4 9. Nxd4 Nc6 10. Nxc6 bxc6 11. Rd1 Ba6 12. b3 Qb6 13. Be3 Qb7 14. c5 a4 15.
bxa4 Ng4 16. Bd4 e5 17. h3 exd4 18. hxg4 Qe7 19. Rxd4 Bxc5 20. Rf4 Bd6 21. Rf3
Be5 22. Nc3 d4 23. Rd1 dxc3 24. Re3 Qc5 25. Qe4 Bf6 26. Rc1 Rab8 27. Kh2 g6 28.
f4 Bd4 29. Rf3 Rfe8 30. Qc2 Rxe2 0-1

[Event "Online Olym Top DivA 2021"]
[Site "chess.com INT"]
[Date "2021.09.09"]
[Round "5.5"]
[Board "6"]
[White "Kiousi, Panagiota"]
[Black "Zhu, Jiner"]
[Result "0-1"]
[BlackTitle "WGM"]
[WhiteElo "2007"]
[BlackElo "2455"]
[WhiteTeam "Greece"]
[BlackTeam "China"]
[WhiteFideId "25803476"]
[BlackFideId "8608059"]
[EventDate "2021.09.08"]
[EventType "team"]

1. d4 Nf6 2. c4 e6 3. Nf3 d5 4. g3 Bb4+ 5. Bd2 Be7 6. Bg2 O-O 7. O-O c6 8. Qc2
b6 9. Rd1 Nbd7 10. b3 Ba6 11. a4 Ne4 12. Ne5 Nxe5 13. Bxe4 Ng6 14. cxd5 cxd5 15.
Bf3 Rc8 16. Qb2 Rc6 17. b4 Bc4 18. b5 Rc7 19. h4 Bd6 20. Bb4 Ne7 21. Nd2 Nf5 22.
Rdc1 Bxb4 23. Nxc4 dxc4 24. Qxb4 Nxd4 25. Rd1 Qf6 26. Qd6 Nxf3+ 27. exf3 Rfc8
28. Rac1 h6 29. Kg2 c3 30. Rc2 Qf5 31. Rd3 Rc5 32. Qd7 R8c7 33. Qd8+ Kh7 34. g4
Qe5 35. Qf8 Rd5 36. Re3 Qf6 37. Qb4 Rd4 38. Qb1 g6 39. Rcxc3 Rxc3 40. Rxc3 Rf4
41. Qb3 Qxh4 42. Rc7 Qf6 43. Rxa7 e5 44. Qd1 e4 45. fxe4 Rxf2+ 46. Kg1 Qf4 47.
Qd3 Qh2# 0-1

[Event "Online Olym Top DivA 2021"]
[Site "chess.com INT"]
[Date "2021.09.09"]
[Round "6.1"]
[Board "1"]
[White "Jumabayev, Rinat"]
[Black "Pavlidis, Antonios"]
[Result "1/2-1/2"]
[WhiteTitle "GM"]
[BlackTitle "GM"]
[WhiteElo "2651"]
[BlackElo "2536"]
[WhiteTeam "Kazakhstan"]
[BlackTeam "Greece"]
[WhiteFideId "13702661"]
[BlackFideId "4212312"]
[EventDate "2021.09.08"]
[EventType "team"]

1. d4 Nf6 2. c4 e6 3. Nf3 d5 4. g3 Bb4+ 5. Bd2 Be7 6. Bg2 O-O 7. O-O c6 8. Qc2
b6 9. Rd1 Nbd7 10. Bf4 Bb7 11. Ne5 Nh5 12. Bd2 Nhf6 13. cxd5 cxd5 14. Nc6 Bxc6
15. Qxc6 Qc8 16. Qxc8 Rfxc8 17. Nc3 a6 18. Rdc1 Bd6 19. e4 dxe4 20. Nxe4 Nxe4
21. Bxe4 Rxc1+ 22. Rxc1 Rd8 23. Rc6 Bb8 24. Be3 h6 25. Bd3 a5 26. Bb5 Kf8 27.
Kf1 Ke7 28. d5 exd5 29. Bxb6 Nxb6 30. Rxb6 Be5 31. Rb7+ Ke6 32. Ra7 Bxb2 33.
Rxa5 Bd4 34. Ra6+ Rd6 35. Ra8 Ke7 36. Re8+ Kf6 37. a4 Bb6 38. Ra8 Ke5 39. a5 Bc5
40. a6 g5 41. Rc8 Bb6 42. Rb8 Bc5 43. Rc8 Bb6 44. Re8+ Re6 45. Rb8 Bc5 46. Rc8
Bb6 47. Rb8 Bc5 48. Rb7 Rf6 49. f4+ gxf4 50. g4 h5 51. gxh5 Rh6 52. a7 Bxa7 53.
Rxa7 Rxh5 54. Ra2 f3 55. Bd7 f5 56. Rd2 Ke4 57. Bc6 f4 58. Bd7 Ke3 59. Ra2 d4
60. Ra8 d3 61. Re8+ Kd4 62. Bg4 Rxh2 63. Bxf3 d2 64. Kg1 Rh6 65. Kg2 Kd3 66.
Rd8+ Kc2 67. Rc8+ Kd3 68. Rd8+ Kc2 69. Be2 Re6 70. Kf2 Rxe2+ 71. Kxe2 f3+ 72.
Kxf3 d1=Q+ 73. Rxd1 Kxd1 1/2-1/2

[Event "Online Olym Top DivA 2021"]
[Site "chess.com INT"]
[Date "2021.09.09"]
[Round "6.1"]
[Board "2"]
[White "Banikas, Hristos"]
[Black "Khusnutdinov, Rustam"]
[Result "0-1"]
[WhiteTitle "GM"]
[BlackTitle "GM"]
[WhiteElo "2606"]
[BlackElo "2484"]
[WhiteTeam "Greece"]
[BlackTeam "Kazakhstan"]
[WhiteFideId "4202031"]
[BlackFideId "13701703"]
[EventDate "2021.09.08"]
[EventType "team"]

1. d4 d5 2. c4 e6 3. Nf3 a6 4. Nbd2 dxc4 5. Nxc4 b5 6. Nce5 Bb7 7. a4 Nd7 8. e3
b4 9. a5 Bd6 10. Qa4 Nf6 11. Nc6 Qc8 12. Bd3 O-O 13. e4 Bxc6 14. Qxc6 e5 15. Be3
Ng4 16. O-O-O exd4 17. Bxd4 Nde5 18. Qd5 Rd8 19. Kb1 Nxf3 20. gxf3 Be5 21. Qc6
Rd6 22. Qc2 b3 23. Qe2 Rxd4 24. fxg4 Qd7 25. Bc4 Qa4 26. Rxd4 Qa2+ 27. Kc1 Bf4+ 0-1